000 00460nam a2200157 i 4500
001 32852
003 ES-MaACL
005 20230906154640.0
007 t|
008 030131s1940 sp ||||1| spa d
100 1 _aBermejo y Vida, Luis.
_928120
245 1 0 _aQuímica y bioquímica /
_cLuis Bermejo y Vida.
260 _aMadrid :
_bVitoriano Suárez,
_c1940 (
_fGráfica Administrativa)
300 _a2 v. ;
_c23 cm.
852 _aES-MaACL
_jF-15228-29
_bR.18904
999 _c32852
_d32852